Paranoidné príznaky u hospitalizovaných gerontopsychiatrických pacientov

Bibliographic Details
Main Authors: Kolibáš, Eduard, 1938- (Author), Novotný, V. (Author)
Format: Article
Language:Slovak

MARC

LEADER 00000nab a2200000ua 4500
001 vtls010830071
003 SK-MaSNL
005 20260303103153.0
008 230121s2007 xo |||||||||||||||||slo|
035 |a (urnnbn)urn:nbn:sk:snk:ar-a06gkd 
035 |a urn:nbn:sk:snk-ab5va4 
035 |a (uuid)39b84d6d-568c-44a2-8654-6756ce5f07b4 
040 |a SNKBUCL  |b slo  |c SNKBUCL  |e AACR2 
041 0 |a slo 
044 |a xo  |c SK 
100 1 |a Kolibáš, Eduard,  |d 1938-  |4 aut  |9 13608 
245 1 0 |a Paranoidné príznaky u hospitalizovaných gerontopsychiatrických pacientov  |c E. Kolibáš, V. Novotný 
246 3 |a Paranoid symptoms in hospitalized gerontopsychiatric patients 
700 1 |a Novotný, V.  |4 aut  |9 350415 
773 0 |t Psychiatria. Psychoterapia. Psychosomatika : časopis psychiatrov, psychoterapeutov a psychosomaticky orientovaných odborníkov na Slovensku  |g Roč. 14, č. 1 (2007), s. 20-27 
954 |a odborná, vedecká literatúra pôvodná (slovenská)  |2 lita 
958 |a OND 
958 |a EUIPO 
958 |a article5 
999 |c 1847876  |d 1849806